My temples, too : (Record no. 54731)

MARC details
000 -LEADER
fixed length control field 00856nam a22002057a 4500
005 - DATE AND TIME OF LATEST TRANSACTION
control field 20110802162757.0
010 ## - LCCN (DPL NO)
LC control number B-427577
020 ## - INTERNATIONAL STANDARD BOOK NUMBER
International Standard Book Number 8188965138
Terms of availability 250.00
035 ## - SYSTEM CONTROL NUMBER
System control number B-427577
082 ## - DEWEY DECIMAL CLASSIFICATION NUMBER
Classification number N
100 0# - MAIN ENTRY--PERSONAL NAME
Personal name Qurratulʻain Ḥaidar,
245 10 - TITLE STATEMENT
Title My temples, too :
Remainder of title a novel /
Statement of responsibility, etc Qurratulain Hyder ; translated by the author from the original Urdu, Mere bhi sanamkhane.
260 ## - PUBLICATION, DISTRIBUTION, ETC. (IMPRINT)
Place of publication, distribution, etc New Delhi :
Name of publisher, distributor, etc Women Unlimited,
Date of publication, distribution, etc c2004.
270 ## - ADDRESS
Address K-36, Hauzkhas
City New Delhi
Postal code 110016
300 ## - PHYSICAL DESCRIPTION
Extent vi, 182 p. ;
Dimensions 23 cm. (Pbk)
500 ## - GENERAL NOTE
General note Novel.
942 ## - ADDED ENTRY ELEMENTS (KOHA)
Source of classification or shelving scheme Dewey Decimal Classification
Item type English Books
Classification part N
Call number suffix QUR
Holdings
Withdrawn status Lost status Not for loan Collection code Home library Current library Date acquired Source of acquisition Cost, normal purchase price Full call number Barcode Copy number Cost, replacement price Koha item type
      Non-fiction Central Library Central Library 05/08/2011 Virtuous Publications/86/24.3.11/74/4.3.11/29.3.11 250.00 N QUR B-427577 1 250.00 English Books

© Delhi Public Library
Hit Counter
free hit counter